000 00544nam a2200217Ia 4500
003 OSt
005 20220928141716.0
006 a|||||r|||| 00| 0
007 ta
008 220927b |||||||| |||| 00| 0 eng d
024 _a16951
037 _cTextual
040 _aSDCL
_cSDCL
_beng
041 _2eng
_aeng
082 _aO15v, K5
100 _aChetanaya Krishana
_9501695
245 0 _aSanskrit saahitya ka navin etihaas.
260 _c1965
942 _hO15v, K5
_cTEXL
_2CC
999 _c819283
_d819283